Υγεία του παιδιού : διεπιστημονική θεώρηση
Saved in:
| Main Author: | |
|---|---|
| Other Authors: | |
| Format: | Book |
| Language: | Greek |
| Published: |
Αθήνα :
Ινστιτούτο Υγείας του Παιδιού,
1986
|
| Subjects: | |
| Tags: |
Add Tag
No Tags, Be the first to tag this record!
|
MARC
| LEADER | 00000nam a2200000 i 4500 | ||
|---|---|---|---|
| 001 | 1/71629 | ||
| 008 | 960318s1986 gre d | ||
| 035 | |a 1987 |b 3 |c Δωρεά |l 10031008 | ||
| 040 | |a GR-MY-UA |b gre |e aacr | ||
| 041 | 0 | |a gre | |
| 082 | 0 | |a 613.043 2 | |
| 100 | 1 | |a Βαλάσση-Αδάμ, Ελένη. | |
| 245 | 1 | 0 | |a Υγεία του παιδιού : |b διεπιστημονική θεώρηση / |c Ε.Βαλάσση - Αδάμ, Γιώργος Βαράκης |
| 260 | |a Αθήνα : |b Ινστιτούτο Υγείας του Παιδιού, |c 1986 | ||
| 300 | |a 208 σ. | ||
| 650 | 0 | 0 | |a Children |x Health and hygiene. |
| 700 | 1 | |a Βαράκης, Γιώργος. | |
| 852 | |a INST |b RHODES |e 19960318 |h 613.043 2 ΒΑΛ |p 005400002807 |q 005400002807 |t BK |y 0 | ||
| 852 | |a INST |b RHODES |e 19960318 |h 613.043 2 ΒΑΛ |p 005400002808 |q 005400002808 |t BK |y 0 | ||
| 909 | |a Ρ |b 004266 |c 1987 | ||
| 909 | |a Ρ |b 007029 |c 1987 | ||